00739nam a2200217 i 4500001000700000003000900007005001700016007000300033008004100036080001200077100002600089245004900115260003800164300002200202490004900224650002100273830005400294852003200348999001900380952012200399142749ES-MaACL20250814052730.0t|071009s1972 sp ||||1| spa d a159.9621 aVidal, Pedro.911445410aCómo conseguir hipnotizar / cPedro Vidal. aBarcelona : bDe Vecchi, c[1972] a163 p. ; c19 cm.1 aManuales De Vecchi de Parapsicología ; v814aHipnosis.91336300aManuales De Vecchi de parapsicologíav89220509 aES-MaACLjC-50136 bR.82234 c142749d142749 00104070aATENEOMbATENEOMcDEPO2d2008-01-17eSCl0oC-50136p1148528r2023-02-23 00:00:00w2023-02-23yMONOGRAFIA